000 00556nam a2200181 a 4500
005 20221118063727.0
008 991125s1950 mx 000 0 spa u
035 _aUPN01000001841
049 _aLT
050 4 _aLB1573 M6.1
_bG8.2 1950
100 1 _aGrimaldo, María Cristina
245 1 0 _aAlma infantil :
_bmétodo práctico de lectura y escritura /
_cpor María Cristina Grimaldo.
260 _aMéxico :
_bCicerón,
_c1950.
300 _a[143] p.
650 4 _aEscritura
_xEstudio y enseñanza (Elemental)
_92804
905 _aLibro
999 _c1841
_d1841